000 00368nam a22001577a 4500
020 _a978-0-12-398530-9
041 _aENG
100 _a Singh .R.P
245 _aIntroduction to Food Engineering
250 _aFifih Edition
260 _aDelhi
_bprinted in india by Avantika
_c2014
300 _a867
650 _aAPE
700 _a Heldman.D.R
856 _uAPE ( 03 )
999 _c44
_d44